Palabra en el tiempo

Guardado en:
Bibliografiske detaljer
Hovedforfatter: Cerezo Glán, P.
Format: Bog
Sprog:Undetermined
Udgivet: Madrid, España Gredos 1975
Fag:
Tags: Tilføj Tag
Ingen Tags, Vær først til at tagge denne postø!

MARC

LEADER 00000nam a2200000Ia 4500
008 170316s9999 xx 000 0 und d
040 |a cru BVZT 
090 |a C-862 C-10p 
100 |a Cerezo Glán, P. 
245 |a Palabra en el tiempo 
260 |a Madrid, España 
260 |b Gredos 
260 |c 1975 
300 |a 614 páginas 
650 |a LITERATURA ESPAÑOLA 
650 |a CRÍTICA 
942 |c 15 D 
999 |c 13095  |d 13095